The Baby-Sitters Club Super Specials - Statistics

General Stats
  • This quiz has been taken 6 times
  • The average score is 7 of 15
Answer Stats
Hint Answer % Correct
#1 Baby-Sitters __ _____! Baby-Sitters on Board!
100%
#6 ___ ____, ___ ____! New York, New York!
75%
#13 _____, Baby-Sitters! Aloha, Baby-Sitters!
50%
#2 Baby-Sitters' ______ ________ Baby-Sitters' Summer Vacation
50%
#5 __________ _____! California Girls!
50%
#12 ____ ____ ___ ___________! Here Come the Bridesmaids!
50%
#10 ___ ____, ____ __ ____! Sea City, Here We Come!
50%
#9 ________ the Baby-Sitters Club Starring the Baby-Sitters Club
50%
#8 Baby-Sitters __ ______ ____ Baby-Sitters at Shadow Lake
25%
#15 Baby-Sitters' ________ ________ Baby-Sitters' European Vacation
25%
#4 Baby-Sitters' ______ _________ Baby-Sitters' Island Adventure
25%
#3 Baby-Sitters' ______ ________ Baby-Sitters' Winter Vacation
25%
#14 BSC __ __ ___ BSC in the USA
25%
#7 _________ Snowbound
25%
#11 The Baby-Sitters ________ The Baby-Sitters Remember
25%
No matching quizzes found
Score Distribution
Percent of People with Each Score
Percentile by Number Answered
Your Score History
You have not taken this quiz